00549nam a2200133Ia 4500008004100000100002700041245008000068260006300148300002000211650001700231856007500248999001900323952007300342160712s9999 xx 000 0 und d aAtienza, Maria Ela L.  cMaria Ela L. AtienzaaFood Sovereignty and Human Security in Southeast Asia c2011bKasarinlan Philippine Journal of Third World Studies avol. 26 no. 1-2 xINDEPENDENCE uhttp://journals.upd.edu.ph/index.php/kasarinlan/issue/view/331/showToc c297601d297601 001040aCLbCLd2016-07-12l0r2016-07-12 00:00:00w2016-07-12yFEJ